Bharat-America ke badhte kadam (Record no. 17790)

MARC details
000 -LEADER
fixed length control field 00458nam a2200169Ia 4500
008 - FIXED-LENGTH DATA ELEMENTS--GENERAL INFORMATION
fixed length control field 230917s9999||||xx |||||||||||||| ||und||
020 ## - ISBN
Price RS495
040 ## - CATALOGING SOURCE
-- 231214
Original cataloging agency VIVEKANANDA LIBRARY
041 ## - Language
-- English
082 ## - DDC NUMBER
Classification number 327.54073 N629B
100 ## - MAIN ENTRY--PERSONAL NAME
Personal name Niranjan, Neha
245 #0 - TITLE STATEMENT
Title Bharat-America ke badhte kadam
260 ## - PUBLICATION, DISTRIBUTION, ETC. (IMPRINT)
Place of publication, distribution, etc New Delhi
Name of publisher, distributor, etc Samakaleen Prakashan
Date of publication, distribution, etc 2015
300 ## - PHYSICAL DESCRIPTION
Pages xi, 224 p.
500 ## - GENERAL NOTE
General note 2266 01/02/2016 IBS15/325 02/02/2016 Main Budget
942 ## - ADDED ENTRY ELEMENTS (KOHA)
Koha item type Books
Holdings
Withdrawn status Lost status Damaged status Not for loan Location (home branch) Sublocation or collection (holding branch) Date acquired Koha issues (times borrowed) Koha full call number Accession No. Koha date last seen Koha item type
        VIVEKANANDA LIBRARY VIVEKANANDA LIBRARY 02/05/2016   327.54073 N629B 356974 17/09/2023 Books
© Designed and Maintained by Vivekananda Library, MDU Rohtak